| 000 | 00455nam a2200181Ia 4500 | ||
|---|---|---|---|
| 008 | 230711s9999||||xx |||||||||||||| ||und|| | ||
| 020 | _a978-81-775-8479-0 | ||
| 041 | _aENG | ||
| 082 |
_a621.3823 _bAN-F |
||
| 100 | _aAnnadurai,S | ||
| 245 | 0 | _aFundamentals of digital image processing | |
| 250 | _a1st Ed. | ||
| 260 |
_c2007 _aNew Delhi _bPearson |
||
| 300 | _a422p. | ||
| 650 | _aElectrical Engineering | ||
| 700 | _aShanmugalakshmi,R | ||
| 942 | _cBK | ||
| 999 |
_c5986 _d5986 |
||